| 000 | 00701nam a22002297a 4500 | ||
|---|---|---|---|
| 005 | 20170124110026.0 | ||
| 010 | _a860637 | ||
| 020 |
_c00.00 _a0722503717 |
||
| 035 | _a860637 | ||
| 037 | _bCen Lib/Ret | ||
| 040 |
_aDPL _bEN |
||
| 082 |
_a658.311 _bAGR |
||
| 100 |
_aAgrell, Tina _920632 |
||
| 245 |
_aRecruitment techniques : _cby Tina Agrell _bfor modern managers / |
||
| 260 |
_aNorthamtonshire _bThorsons Publishers _c1977 |
||
| 270 | _bNorthamtonshire | ||
| 300 |
_a127p. _c21cm(Hb) |
||
| 500 | _aIncludes index and bibliographical references | ||
| 650 |
_aEmployees _xRecruiting _920633 |
||
| 650 |
_aEmployment interviewing _920634 |
||
| 942 |
_2ddc _cEN _h658.311 _mAGR |
||
| 999 |
_c127490 _d127490 |
||